000 00204nam a2200109Ia 4500
100 _a#N/A
942 _cBK
245 _aDIY Linux OS digit April 2013
260 _b#N/A
546 _aENGLISH
999 _c33426
_d33426